Normal view
MARC view
Entry Topical Term
001 - CONTROL NUMBER
- control field: 52774
003 - CONTROL NUMBER IDENTIFIER
- control field: OSt
005 - DATE AND TIME OF LATEST TRANSACTION
- control field: 20240820155151.0
008 - FIXED-LENGTH DATA ELEMENTS
- fixed length control field: 240820|| aca||aabn | a|a d
040 ## - CATALOGING SOURCE
- Original cataloging agency: OSt
- Transcribing agency: OSt
150 ## - HEADING--TOPICAL TERM
- Topical term or geographic name entry element: စေတီပုထိုး
- Geographic subdivision: ပုဂံမြို့
670 ## - SOURCE DATA FOUND
- Source citation: Work cat.: (OSt)16715: မြတ်သွင်၊ ဦး၊ ဆရာ 17330, ပုဂံမြို့ရှိ ထင်ရှားကြီးကျယ်သောဘုရားကြီး(၂၇)ဆူ၏သမိုင်းနှင့် ဘုရားဖူးလမ်းညွှန်စာတမ်း /, ၁၉၆၉။